Ermeniler'in Türkler'e yaptıkları mezalim ve soykırımın arşiv belgeleri (Record no. 3366)

MARC details
000 -BAŞLIK
Sabit Uzunlukta Kontrol Alanı 01196na a2200349 4500
001 - KONTROL NUMARASI
Denetim Alanı 20042
003 - KONTROL NUMARASI IDENTIFIER
Denetim Alanı MIRAKIL
005 - SON İŞLEM TARİHİ VE ZAMANI
Denetim Alanı 20181213154929.0
008 - SABİT-BOY VERİ ELEMANLARI - GENEL BİLGİLER
Sabit Uzunlukta Kontrol Alanı 170102b tu 000 0
020 ## - ULUSLARARASI STANDART KİTAP NUMARASI
Uluslararası Standart Kitap Numarası 9757479837
035 ## - SİSTEM KONTROL NUMARASI
Sistem Kontrol Numarası 15682
040 ## - KATALOGLAMA KAYNAK
Orijinal Kataloglama Ajansı Milas
Kataloglama Dili tur
Metne Dönüştürmek Ajansı TR-AnCHP
041 ## - DİL KODU
Metin / Ses Parça Veya Ayrı Başlığın Dil Kodu tur
082 ## - DEWEY ONLU SINIFLANDIRMA NUMARASI
Sınıflandırma Numarası 956.101591992
Ürün Numarası B55e 2001
090 ## - SINIFLAMA NUMARASI
Sınıflama Numarası 956.101591992 B55e 2001
100 ## - ANA GİRİŞ - KİŞİSEL İSİM
Kişisel Ad Binark, İsmet
Bir Adıyla İlişkilendirilen Tarihler 1941-
245 ## - BAŞLIK TABLOSU
Başlık Ermeniler'in Türkler'e yaptıkları mezalim ve soykırımın arşiv belgeleri
Sorumluluk Tablosu, Vb İsmet Binark
246 ## - UNVAN FORM VARYING
Başlık Doğru / Kısa Başlığı Ermenilerin Türklere yaptıkları mezalim
260 ## - YAYIN, DAĞITIM, VB
Yayın, Dağıtım, Vb Yeri Ankara
Yayıncı, Dağıtıcı, Vs Adı TBMM Kültür, Sanat ve Yayın Kurulu
Yayın, Dağıtım, Vb Tarihi 2001
300 ## - FİZİKSEL TANIM
Kapsam xvii, 262 s.
Diğer Fiziksel Ayrıntıları fotğ. ; tbl.
Boyutlar 23 sm.
490 ## - SERİSİ TABLOSU
Seri Beyanı TBMM Kültür, Sanat ve Yayın Kurulu yayınları
Hacim / Ardışık Tanımı 92
500 ## - GENEL NOT
Genel Not Yapıt Osmanlı Türkçesi metinler içerir.
504 ## - KAYNAKÇA VB NOT
Kaynakça Vb Notu Kaynakça var.
650 ## - KONU KATMA GİRİŞ - TOPİKAL DÖNEM
Topikal Süreli Veya Coğrafi Ad Giriş Elemanı Soykırım
Genel Alt Bölümü Belgeler
Coğrafi Alt Bölümü Ermenistan
650 ## - KONU KATMA GİRİŞ - TOPİKAL DÖNEM
Topikal Süreli Veya Coğrafi Ad Giriş Elemanı Ermeni soykırımı
Genel Alt Bölümü Belgeler
650 ## - KONU KATMA GİRİŞ - TOPİKAL DÖNEM
Topikal Süreli Veya Coğrafi Ad Giriş Elemanı Ermeni sorunu
Genel Alt Bölümü Tarih
Kronolojik Alt Bölümü Belgeler
Coğrafi Alt Bölümü Türkiye
651 ## - KONU KATMA GİRİŞ - COĞRAFİ ADI
Coğrafi İsim Türkiye
Genel Alt Bölümü Etnik ilişkiler
Kronolojik Alt Bölümü Ermeniler
651 ## - KONU KATMA GİRİŞ - COĞRAFİ ADI
Coğrafi İsim Türkiye
Genel Alt Bölümü Tehcir kanunu
651 ## - KONU KATMA GİRİŞ - COĞRAFİ ADI
Coğrafi İsim Ermenistan
Genel Alt Bölümü Tarih
Kronolojik Alt Bölümü Belgeler
942 ## - EKLENDİ GİRİŞ ELEMANLARI (KOHA)
Sınıflandırma Veya Raf Düzeni Kaynak
Koha Öğesi Türü Books
999 ## - SİSTEM KONTROL NUMARALARI (KOHA)
Koha Biblionumber 3366
Koha Biblioitemnumber 3366
657 ## - INDEX SÜRE - İŞLEVİ
-- Ermeni meselesi
Holdings
Kalıcı Konum Mevcut Konum Edinme Tarihi Edinim Kaynak Toplam Check-Out'Lar Tam Çağrı Numarası Barkod Tarih Son Görülme İtibaren Geçerli Fiyatlar Koha Öğesi Türü
CHP Kütüphanesi CHP Kütüphanesi 01/02/2017 Bağış   956.101591992 B55e 2001 010413 01/02/2017 01/02/2017 Books